Missing Word: 'J' in Literature Quiz Stats

 Plays Quiz Updated Nov 22, 2012

Support Sporcle.
Go Orange.
Score 0/14 Timer 03:00
0 Plays Today
Title 'J' Word % Correct
Romeo and ____Juliet
99.8%
_____ CaesarJulius
96.6%
_____ to the Center of the EarthJourney
95%
____ EyreJane
95%
Bridget ____ DiaryJones's
94.5%
The _____ BookJungle
86.9%
The ____ of CookingJoy
82.9%
Title 'J' Word % Correct
The Strange Case of Dr. _____ and Mr. HydeJekyll
82.7%
____ ParkJurassic
77%
The Bell ____Jar
64.9%
____ Livingston SeagullJonathan
48.4%
____ the ObscureJude
36.5%
Lord ____Jim
36%
Infinite ____Jest
28.9%

Today's Daily Dose

Missing Word
'80s Musicals

Word Ladder
Hereditary

Get the Picture
Food Names

From the Vault

Earthquake Prone States

by andy1991

Virginia currently ranks 26th.
Remove Ads.
Support Sporcle.
Get the best of Sporcle when you Go Orange. This ad-free experience offers more features, more stats, and more fun while also helping to support Sporcle. Thank you for becoming a member.

Show Comments

Extras

Top Quizzes Today


Score Distribution

Your Account Isn't Verified!

In order to create a playlist on Sporcle, you need to verify the email address you used during registration. Go to your Sporcle Settings to finish the process.

Report this User

Report this user for behavior that violates our Community Guidelines.

Details: